000 00557nam a22001817a 4500
005 20251108175429.0
008 250721s2015 xx 000 0 ara d
082 1 4 _aق/فير
100 1 _aفيرن، جول
245 1 0 _aحول العالم في ثمانين يوماً /
264 1 _aالاردن :
_bدار امجد للنشر والتوزيع،
_c2015.
300 _a82ص.
650 1 7 _aالأدب المترجم
650 1 7 _aالروايات
700 1 _aشلباية، محمود بدر
_eمترجم
942 _2ddc
_cBK
999 _c133939
_d133939